| 000 | 00755nam a22002057a 4500 | ||
|---|---|---|---|
| 005 | 20100813113328.0 | ||
| 010 | _aENG-100113 | ||
| 020 | _c50.00 | ||
| 035 | _aEN-83645 | ||
| 037 | _bDBAD/PUB | ||
| 082 | _a331.12042 | ||
| 245 | _aThe national rural employment guarantee act, 2005 / | ||
| 260 |
_aDelhi _bUniversal Law Publishing _c2009 |
||
| 270 |
_aC-FF-1A, Dilkhush Indestrial Estate, (Opp. Hans Cinema azadpur) G. T. Karnal Road _bDelhi _e110033 |
||
| 300 |
_av, 38p. _c24cm (pbk) |
||
| 650 |
_aGurantee annual income _913000 |
||
| 650 | _aIndia | ||
| 942 |
_2ddc _cEN _h331.12042 _mNAT |
||
| 999 |
_c41525 _d41525 |
||